Quả cầu hành chính thế giới : Tỷ lệ 1:57275000

Tallennettuna:
Bibliografiset tiedot
Aineistotyyppi: Kirja
Kieli:Undetermined
Julkaistu: H. Bản đồ 2006
Aiheet:
Tagit: Lisää tagi
Ei tageja, Lisää ensimmäinen tagi!
Thư viện lưu trữ: Trung tâm Học liệu Trường Đại học Cần Thơ
LEADER 00564nam a2200193Ia 4500
001 CTU_199110
008 210402s9999 xx 000 0 und d
020 |c 1490000 
082 |a 912 
082 |b Qu100 
245 0 |a Quả cầu hành chính thế giới : 
245 0 |b Tỷ lệ 1:57275000 
245 0 |c Chịu trách nhiệm nội dung: Phạm Văn Huyền 
260 |a H. 
260 |b Bản đồ 
260 |c 2006 
650 |a Atlases of the world 
904 |i Bằng 
980 |a Trung tâm Học liệu Trường Đại học Cần Thơ